Statistics for Best Years - 5SOS (All Lyrics)

Click here to take the quiz!

General Stats

  • This quiz has been taken 155 times
  • The average score is 195 of 214

Answer Stats

Best Years% Correct
You
100%
you
100%
I
99%
The
99%
the
99%
a
98%
best
98%
I'll
98%
years
98%
give
96%
me
93%
to
93%
your
93%
all
91%
and
91%
And
91%
darling
91%
much
91%
of
91%
up
91%
when
91%
But
90%
for
89%
hold
89%
like
89%
out
89%
promise
89%
reasons
89%
that
89%
make
88%
million
88%
too
88%
won't
88%
better
87%
cigarette
87%
hand
87%
mess
87%
regret
87%
than
87%
away
86%
drink
86%
wanna
86%
broken
85%
got
85%
house
85%
love
85%
hesitate
84%
pieces
84%
so
84%
tears
84%
walk
84%
was
84%
yesterday
84%
hair
83%
reminded
83%
Gave
82%
on
82%
Verse 1You've
82%
future's
81%
people
81%
while
81%
burned
80%
growing
80%
stand
80%
time
80%
we're
80%
build
79%
cannot
79%
wasted
79%
carry
77%
home
76%
these
76%
did
74%
things
74%
half
70%
man
69%
Past
67%

Score Distribution

Percentile by Number Answered

Percent of People with Each Score

Your Score History

You have not taken this quiz